Profiting from Protection in an Open Economy Hong Kong's Supply Response to EU's MFA Restrictions

Guardado en:
Detalles Bibliográficos
Autor principal: Spinanger, Dean
Formato: Libro
Lenguaje:inglés
Publicado: Kiel Institut für Weltwirtschaft 1994
Colección:Kiel Working Paper No. 653
Materias:
Etiquetas: Agregar Etiqueta
Sin Etiquetas, Sea el primero en etiquetar este registro!

MARC

LEADER 00000nam a2200000 4500
001 c010669
005 20250521093035.9
041 0 |a eng 
044 |a DE 
245 1 0 |a Profiting from Protection in an Open Economy  |b Hong Kong's Supply Response to EU's MFA Restrictions  |c Dean Spinanger 
264 1 |a Kiel  |b Institut für Weltwirtschaft  |c 1994 
300 |a 25 s. 
490 1 |a Kiel Working Paper  |v No. 653 
830 0 |a Kiel Working Paper  |v No. 653 
610 2 0 |a priemysel textilný 
610 2 0 |a dohody asociačné 
610 2 0 |a ochrana výroby 
610 2 0 |a opatrenia 
610 2 0 |a hospodárstvo otvorené 
610 2 0 |a Európska únia 
610 2 0 |a MFA 
100 1 |a Spinanger, Dean